| 000 | 01166nam a22003495a 4500 | ||
|---|---|---|---|
| 001 | 015600182 | ||
| 003 | OSt | ||
| 005 | 20171107122138.0 | ||
| 008 | 100706s2010 moua fr 001 0 eng d | ||
| 015 |
_aGBB083484 _2bnb |
||
| 016 | 7 |
_a015600182 _2Uk |
|
| 020 | _a9780323068123 (pbk.) | ||
| 040 |
_aStDuBDS _beng _cStDuBDS _dEG-ScBUE |
||
| 082 | 0 | 4 |
_a615.1076 _bPAZ _222 |
| 100 | 1 | _aPazdernik, Thomas. | |
| 245 | 1 | 0 |
_aPharmacology / _cThomas L. Pazdernik, Laszlo Kerecsen. |
| 250 | _a3rd ed. | ||
| 260 |
_aMissouri ; _aLondon : _bElsevier Mosby, _c2010. |
||
| 300 |
_axiv, 341 p. : _bill. (col.) ; _c28 cm. |
||
| 490 | 0 | _aRapid review | |
| 500 | _aIncludes Internet access. "Free online questions" | ||
| 500 | _aIncludes index. | ||
| 650 | 7 |
_aPharmacology _xExaminations _vStudy guides. _2BUEsh _937639 |
|
| 650 | 7 |
_aPharmaceutical Preparations _vExaminations, questions, etc. _2BUEsh |
|
| 650 | 7 |
_aDrug Therapy _vExaminations, questions, etc. _2BUEsh |
|
| 651 | _2BUEsh | ||
| 653 |
_bPPhrm _cNovember2017 |
||
| 655 |
_vText book _933728 |
||
| 700 | 1 | _aKerecsen, Laszlo. | |
| 856 | 4 |
_zRegister your PIN online now at : _uwww.studentconsult.com |
|
| 942 | _2ddc | ||
| 999 |
_c25542 _d25514 |
||